| 000 | 00699nam a2200241 i 4500 | ||
|---|---|---|---|
| 001 | bg | ||
| 100 | 1 | _aARCZYŃSKI, Stanisław. | |
| 245 | 1 | 0 |
_aMechanika ruchu samochodu / _cStanisław Arczyński. |
| 260 |
_aWarszawa : _bWydawnictwa Naukowo-Techniczne, _c1994. |
||
| 300 |
_a261, [1] s. : _bil. ; _c24 cm. |
||
| 490 | 1 |
_aPodręczniki Akademickie. _pMechanika |
|
| 504 | _aBibliogr. | ||
| 650 | 9 |
_aSamochody _xmechanika |
|
| 655 | _aPodręczniki akademickie | ||
| 830 |
_aPodręczniki Akademickie. _pMechanika |
||
| 020 | _a8320414881 | ||
| 040 | _cBPK | ||
| 041 | 0 | _apol | |
| 080 | _a629.33(075.8) | ||
| 920 | _a83-204-1488-1 | ||
| 942 | _cKS | ||
| 008 | s pl f |000 0 pol | ||
| 999 |
_c43591 _d43591 |
||
| 856 |
_uhttp://koha.tu.koszalin.pl/cgi-bin/koha/opac-detail.pl?biblionumber=43591 _yKatalog online BPK |
||